| 000 | 00926cam a2200301 a 4500 | ||
|---|---|---|---|
| 001 | 000004890 | ||
| 003 | OSt | ||
| 005 | 20200929151528.0 | ||
| 008 | 810213s1982 sp 001 p spa | ||
| 040 |
_aDO-SdBNP _bspa _cBNPHU |
||
| 082 |
_a843.6 _bC757a |
||
| 100 | 1 |
_aConstant, Benjamin _qHenri-Benjamin Constant de Rebecque _d1767-1830. _914145 |
|
| 240 | 1 | 0 |
_aAdolphe _lEspañol |
| 245 | 1 | 0 |
_aAdolphe / _cBenjamin Constant ; traductor Emma Calatayud. |
| 250 | _a3ra. ed. | ||
| 260 |
_aBarcelona : _bBruguera, _c1982. |
||
| 300 |
_a188 p. ; _c18 cm. |
||
| 490 | 1 |
_aBruguera libro amigo _v1502/933 |
|
| 534 |
_aTítulo original _tAdolphe |
||
| 590 | _aInventariado, 2020/ YL | ||
| 650 | 4 |
_aNovela francesa _91075 |
|
| 650 | 4 |
_aLiteratura francesa _91074 |
|
| 700 | 1 |
_aCalatayud, Emma, _etr. _913358 |
|
| 830 | 0 |
_aBruguera libro amigo _n1502/933 _914146 |
|
| 910 | _aEn proceso | ||
| 942 |
_2ddc _cLF1 |
||
| 956 | _aYLOCKWARD | ||
| 999 |
_c4696 _d4696 |
||